000
00320 a2200157 4500
001
158691
020
_a
040
_c
Magnum
100
_a
-
240
1
0
_a
Aventura na ciencia/quimica
_l
por
245
1
0
_a
Aventura na ciencia/quimica
362
0
_a
1899
440
1
_a
Globo
697
_a
ENCICLOPEDIAS
942
_c
BK
999
_c
158691
_d
158691